000 01561aam a2200313 i 4500
001 768714001
003 CO-MdFUSB
005 20240221125819.0
007 ta
008 210916t1952 us d|||| |||| 00| 0 spa d
020 _a[No incluye ISBN]
040 _bspa.
_aCO-MdFUSB
_cCO-MdFUSB
_dCO-MdFUSBC
_erda
041 _aspa
082 0 4 _a246.7
_223
_bW3626n
245 1 3 _aLa navidad :
_buna colección de diálogos, cuadros, recitaciones y cantos propios para programas de navidad
_c/ compilado por Lillie Mae Weatherford de Ruiz,
264 1 _aEl Paso, TX., USA :
_bCasa Bautista de Publicaciones,
_c[1952]
264 4 _c©1952
300 _a143 Páginas
_c; 20 cm
336 _2rdacontent
_atexto
_btxt
337 _2rdamedia
_asin mediación
_bn
338 _2rdacarrier
_avolumen
_bnc
505 _tHimno "noche de paz", para la congregación. -- Invocación por el pastor de la iglesia. -- Lectura Bíblica. Isaías 11: 1-9, Lucas 2:1-17 y Mateo 2:1-12. -- Canto, por el coro de la iglesia. -- "Nacimiento de Jesús". Recitación. -- "Navidad de una Cieguecita" , cuadro por varios niños. -- "Estrellas de navidad", por varias niñas. -- ¿Cómo le llamaremos?, por varios niños. -- "Cristo ha venido", cuadro por varios jovencitos. --Canto por el coro de la iglesia. -- Una palabra de cortesía. -- Reparto de obsequios a los niños pobres. -- Bendición.
563 _aTapa dura
653 _aPoesía religiosa
653 _aDrama Cristiano
700 _95614
_aWeatherford de Ruiz, Lillie Mae,
_ecompilador
942 _cBK
945 _aJTF-925
999 _c35900
_d35900